| 000 | 00952pam a2200289 a 4500 | ||
|---|---|---|---|
| 999 |
_c3846 _d3846 |
||
| 003 | OSt | ||
| 005 | 20220421065226.0 | ||
| 008 | 820219s1983 moua b 001 0 eng | ||
| 020 | _a0801638275 | ||
| 040 | _cALUPE UNIVERSITY | ||
| 050 | 0 | 0 |
_aRB150 _b.S485 1983 |
| 060 | _aQZ 140 S676 | ||
| 245 | 0 | 0 |
_aShock, comprehensive nursing management / _ceditors, Anne Griffin Perry, Patricia Ann Potter ; co-authors, Linda Niedringhaus, Angela Smith-Collins, Judith L. Myers. |
| 260 |
_aSt. Louis : _bMosby, _cc1983. |
||
| 300 |
_axiii, 303 p. : _bill. ; _c25 cm. |
||
| 504 | _aIncludes bibliographies and index. | ||
| 650 | 0 | _aShock. | |
| 650 | 0 |
_aShock _xNursing. |
|
| 650 | 2 |
_aShock _xNursing. |
|
| 700 | 1 | _aPerry, Anne Griffin. | |
| 700 | 1 | _aPotter, Patricia Ann. | |
| 700 | 1 | _aNiedringhaus, Linda. | |
| 700 | 2 | _aSmith-Collins, Angela. | |
| 700 | 1 | _aMyers, Judith L. | |
| 906 |
_a7 _bcbc _corignew _d1 _eocip _f19 _gy-gencatlg |
||
| 942 |
_2lcc _cBK _nMM |
||